Drugs and drinking : the all American cop-out /

Bibliographic Details
Main Author: Strack, Jay
Format: Book
Language:English
Published: Nashville : [Sceptre Books] : Nelson, [1979]
Subjects:

MARC

Tag First Indicator Second Indicator Subfields
LEADER 00000pam a2200000 i 4500
001 in00000695921
005 20151016051043.0
008 790829s1979 tnu b 00010 eng
010 |a  79021099  
020 |a 0840756984 
035 |a (OCoLC)05411137 
035 |9 ADA9015AM 
040 |a DLC  |c DLC  |d TXA  |d UtOrBLW 
043 |a n-us--- 
049 |a TXAM  |c [982060] 
050 0 0 |a HV5824.Y68  |b S84 1979 
082 0 |a 362.7/8/2930973 
100 1 |a Strack, Jay. 
245 1 0 |a Drugs and drinking :  |b the all American cop-out /  |c Jay Strack. 
264 1 |a Nashville :  |b [Sceptre Books] : Nelson,  |c [1979] 
264 4 |c ©1979 
300 |a 195 pages ;  |c 21 cm. 
336 |a text  |b txt  |2 rdacontent 
337 |a unmediated  |b n  |2 rdamedia 
338 |a volume  |b nc  |2 rdacarrier 
500 |a A Sceptre book 
504 |a Bibliography: pages 193-195. 
650 0 |a Youth  |x Drug use  |z United States. 
650 0 |a Drug abuse  |z United States. 
650 0 |a Drug abuse  |z United States  |x Prevention. 
650 0 |a Adolescent psychology. 
999 |a MARS 
999 f f |s a2f1476b-d5a1-30c0-a7d4-f3d5bb9af2c3  |i 7ad5143e-d9af-3314-aa1c-0044b0c54faf  |t 0 
952 f f |p normal  |a Texas A&M University  |b College Station  |c Sterling C. Evans Library  |d Evans: Library Stacks  |t 0  |e HV5824.Y68 S84 1979  |h Library of Congress classification  |i unmediated -- volume  |m A14803029806 
998 f f |a HV5824.Y68 S84 1979  |t 0  |l Evans: Library Stacks